| 000 | 00470nam a2200205 a 4500 | ||
|---|---|---|---|
| 999 |
_c363 _d363 |
||
| 001 | 363 | ||
| 003 | BD-JhCC | ||
| 005 | 20171016130455.0 | ||
| 008 | 171004s1972 nr a|||| ||a| 001 j eng d | ||
| 035 | _a(BD-JhCC)363 | ||
| 040 |
_aBD-JhCC _dBD-JhCC |
||
| 041 | _aeng | ||
| 082 |
_a823.914 _bFOR 1972 |
||
| 100 | _aForde, Winston | ||
| 245 |
_aThe Runaway / _cWinston Forde |
||
| 300 |
_a112 p. : _c18cm. |
||
| 650 | _aEnglish Story | ||
| 942 |
_2ddc _cBK |
||